Films (Movies) With Body Parts In Their Titles - Statistics

General Stats
  • This quiz has been taken 83 times
  • The average score is 7 of 12
Answer Stats
Hint Year Answer % Correct
You're gonna need a bigger boat. 1975 Jaws
94%
Wikipedia calls Stanley Kubrick's final film "an erotic mystery psychological drama". It stars Nicole Kidman and Tom Cruise, who were married at the time. 1999 Eyes Wide Shut
78%
John Travolta (FBI agent) and Nicolas Cage (Criminal mastermind) swap features on the operating table. 1997 Face Off
74%
How do you get 1.21 Gigawatts of power for your car without any plutonium? 1985 Back To The Future
71%
Our archaeologist hero Indy must rescue a sacred stone from an Indian cult (necessitating a wild ride through a mine). 1984 Indiana Jones and the Temple of Doom
67%
Paul Newman is a convict who won't bow to the system. There is a comedic scene about an egg-eating bet. 1967 Cool Hand Luke
65%
Christy Brown is born into a working class Irish family. He has severe cerebral palsy but learns to write and paint without using his hands. 1989 My Left Foot
53%
Daniel Day Lewis is an oil magnate in the 1890s. He's not very nice and he doesn't get any nicer. 2007 There Will Be Blood
46%
Ricki Lake (daughter of Divine) wins a spot to dance on a 1960s music show, and champions racial equality, in John Waters' amusing film. 1988 Hairspray
35%
Ray Winstone is the dysfunctional head of a dysfunctional family in this film by Gary Oldman. The title is what you might find written over your bed if you're going for an operation. 1997 Nil By Mouth
26%
Alec Guinness plays nine characters in this Ealing Studios comedy. He murders all his posh relations to get his hands on the dukedom he believes is rightfully his. 1949 Kind Hearts And Coronets
21%
Steve Martin plays Dr Hfuhruhrr in this silly film, in which he can communicate with cerebellums in jars. 1983 The Man With Two Brains
21%
No matching quizzes found
Score Distribution
Percent of People with Each Score
Percentile by Number Answered
Your Score History
You have not taken this quiz